| 000 | 00392nam a2200133Ia 4500 | ||
|---|---|---|---|
| 008 | 231221s9999 xx 000 0 und d | ||
| 020 | _a978-0-387-09428-1 | ||
| 041 | _aEnglish | ||
| 100 | _aYücel Karabulut, John Mitchell, Peter Herrmann, Christian Damsgaard Jensen | ||
| 245 | 0 | _aTrust Management II | |
| 260 |
_c2008 _bSpringer US _aNew York |
||
| 650 | _aComputer Science | ||
| 942 | _cEB | ||
| 999 |
_c217937 _d217937 |
||